Kpop girl groups - Statistics

General Stats
  • This quiz has been taken 631 times
  • The average score is 14 of 45
Answer Stats
Hint Answer % Correct
B Blackpink
93%
T Twice
84%
A Aespa
76%
I Itzy
74%
I Ive
70%
M Mamamoo
70%
A Apink
69%
G Gidle
64%
G Girls generation
64%
I Izone
63%
N Nmixx
55%
E Everglow
54%
L Loona
54%
D Dreamcatcher
49%
K Kep1er
45%
S Stayc
42%
F Fromis9
41%
P Purple kiss
35%
W Wjsn
33%
B Billlie
32%
C Cherry Bullet
30%
G Gugudan
18%
D Dia
16%
P Pixy
15%
C Cignature
14%
W Wooah
14%
G Got the beat
11%
B Bvndit
10%
D Dreamnote
10%
B Bugaboo
9%
P Pink fantasy
8%
B Berrygood
7%
F Fanatics
6%
H Hot issue
6%
L Lunarsolar
6%
S Saturday
6%
I Ichillin
5%
A Ariaz
3%
P Purplebeck
3%
R Redsquare
2%
R Rocking doll
2%
H Hey girls
1%
M Maka maka
1%
P Pritti g
1%
S Skyle
1%
No matching quizzes found
Score Distribution
Percent of People with Each Score
Percentile by Number Answered
Your Score History
You have not taken this quiz